Aguas subterráneas en Colombia, una visión general (Registro nro. 8482)
[ vista simple ]
| 000 -CABECERA | |
|---|---|
| Campo de control | 00915nam a22002417a 4500 |
| 005 - FECHA Y HORA DE LA ULTIMA TRANSACCION | |
| Campo de control | 20150528020002.0 |
| 008 - ELEMENTOS DE LONGITUD FIJA—INFORMACION GENERAL | |
| Campo de control | 140701b2013 ck ||||| |||| 00| 0 spa d |
| 020 ## - ISBN | |
| ISBN | 9789588067605 |
| 041 ## - IDIOMA | |
| Código de idioma para texto/pista de sonido o título separado | Español |
| 044 ## - PAÍS DE PUBLICACIÓN | |
| País de publicación | Colombia |
| 082 ## - NUMERO DE CLASIFICACION DECIMAL DEWEY | |
| Número de clasificación | 553.79 |
| Número del ítem | I193a |
| 245 00 - MENCION DE TITULO | |
| Título | Aguas subterráneas en Colombia, una visión general |
| 260 ## - PUBLICACION, DISTRIBUCION, ETC. (PIE DE IMPRENTA) | |
| Lugar de publicación, distribución, etc. | Bogotá |
| Nombre del editor, distribuidor, etc. | IDEAM |
| Fecha de publicación, distribución, etc. | 2013 |
| 300 ## - DESCRIPCION FISICA | |
| Extensión | 284 p. |
| Otros detalles físicos | il. tablas, mapas |
| Dimensiones | 28 cm. |
| 505 ## - NOTA DE CONTENIDO | |
| Nota de contenido | Cap. 1 Marco conceptual (pag. 17) |
| 505 ## - NOTA DE CONTENIDO | |
| Nota de contenido | Cap. 2 Alcancel y enfoque metodológico (pag. 39) |
| 505 ## - NOTA DE CONTENIDO | |
| Nota de contenido | Cap. 3 Colombia y su contenido hidroclimático e hidrogeológico (pag. 51) |
| 505 ## - NOTA DE CONTENIDO | |
| Nota de contenido | Cap. 4 Provincias hidrogeológicas y sistemas acuíferos de Colombia (pag. 83) |
| 505 ## - NOTA DE CONTENIDO | |
| Nota de contenido | Cap. 5 Aguas subterráneas frente a afectaciones antrópicas y variabilidad climática (pag. 249) |
| 650 ## - ASIENTO SECUNDARIO DE MATERIA - TERMINO TEMATICO | |
| Término temático o nombre geográfico como elemento de entrada | Aguas subterráneas |
| 650 ## - ASIENTO SECUNDARIO DE MATERIA - TERMINO TEMATICO | |
| Término temático o nombre geográfico como elemento de entrada | Hidrología |
| 942 ## - ELEMENTOS ADICIONALES (KOHA) | |
| Sistema de clasificación | Dewey Decimal Classification |
| Tipo de ítem | Impreso |
| Koha issues (borrowed), all copies | 1 |
| Withdrawn status | Lost status | Sistema de Clasificación | Damaged status | No para préstamo | Colección | Inventariado | Ubicación Permanente | Ubicación actual | Fecha de adquisición | Fuente de Valor | Valor | Total Checkouts | Número topográfico | Inventario / Código de Barras | Date last seen | Date checked out | Ejemplar | Price effective from | Forma de adquisición | Tipo de material |
|---|---|---|---|---|---|---|---|---|---|---|---|---|---|---|---|---|---|---|---|---|
| Dewey Decimal Classification | General | Inventariado 2017 | Bogotá | Bogotá | 01/07/2014 | Instituto | 39000.00 | 2 | LB-553.79 I193a | 038117 | 11/02/2020 | 11/02/2020 | Ej. 1 | 01/07/2014 | Canje | Libro |